Devine le joueur de foot — Spécial Bundesliga - Statistiques

Statistiques générales
  • Ce quiz a été pris 67 fois
  • Le résultat moyen est 12 sur 20
Statistiques - réponses
Par images Réponse % Correct
Harry Kane
100%
Marcel Sabitzer
98%
Dayot Upamecano
97%
Manuel Neuer
95%
Michael Olise
95%
Alphonso Davies
93%
Leon Goretzka
91%
Julian Brandt
88%
Raphaël Guerreiro
83%
Álex Grimaldo
79%
Edmond Tapsoba
71%
Angelo Stiller
53%
Jarell Quansah
40%
Alexander Nübel
31%
Farès Chaïbi
29%
Maximilian Arnold
24%
Lorenz Assignon
21%
Ridle Baku
21%
Saël Kumbedi
17%
Hugo Larsson
12%
Aucun quiz correspondant
Distribution des résultats
% des personnes avec chaque résultat
Percentile par nombre de réponses
Votre historique - résultats
Vous n’avez pas pris ce quiz